000 00568nam a2200193Ia 4500
003 IN-BaIIA
008 211028s9999 xx 000 0 eng d
040 _cIIA Library
080 _a52-77
_bTHE
100 _aLarge,M I
_920489
245 4 _aThe molonglo reference catalogue of radio sources
_cM I Large...[et.al]
260 _c1981
300 _a270p.
650 _aMolonglo reference
_920490
650 _aRadio sources
_93666
700 _aLittle, A. G.
_920491
700 _aMills, B. Y.
_920492
942 _cBK
999 _c11805
_d11805